|
|
|
|
| LEADER |
00000cam a2200000 a 4500 |
| 001 |
102954-7 |
| 003 |
Ucuenca |
| 005 |
20231109083741.0 |
| 008 |
000101|1970 ag |||||r|||||||||||spa|| |
| 040 |
|
|
|b spa
|
| 041 |
0 |
|
|a es
|
| 082 |
0 |
|
|a 345
|
| 100 |
1 |
|
|a Jiménez de Asúa, Luis.
|d 1889-1970
|9 42480
|
| 245 |
|
|
|a Tratado de derecho penal
|c Luis Jiménez de Asúa
|h imp
|b El delito y su exteriorización
|n tomo 7
|
| 264 |
|
|
|a Buenos Aires
|b Losada
|c 1970
|
| 300 |
|
|
|a 1019 páginas:
|c 23.5 cm
|
| 504 |
|
|
|a incl. ref.
|
| 650 |
|
4 |
|a Derecho penal
|9 9222
|
| 650 |
|
0 |
|a Delito
|9 42420
|
| 852 |
|
|
|a UC-CDJBV
|f Compra
|l 1
|m General
|p 20001018
|r 2
|t 102954-7
|b 0
|d CDRC
|e CDRC
|g 345 PRIMER PISO
|z 2000-01-01
|
| 942 |
|
|
|c BK
|2 ddc
|r diana.fajardo@ucuenca.edu.ec
|
| 999 |
|
|
|c 28592
|d 28592
|